000 00352nam a2200133Ia 4500
008 240624s9999 xx 000 0 und d
041 _aeng
082 _a332.6 DAM
100 _aDAMODARAN ASWATH
245 _aINVESTMENT FABLES EXPOSING THE MYTHS OF
260 _c2004
_aDelhi
_bPearson Education
300 _axxvii, : 539 : p. : cm. ; 24
365 _cRS
999 _c1839
_d1839